युगपत् समीकरण में / (Record no. 13718)

MARC details
000 -LEADER
fixed length control field 01122nam a22002297a 4500
005 - DATE AND TIME OF LATEST TRANSACTION
control field 20080616160317.0
008 - FIXED-LENGTH DATA ELEMENTS--GENERAL INFORMATION
fixed length control field 080616t xxu||||| |||| 00| p hin d
010 ## - LIBRARY OF CONGRESS CONTROL NUMBER
LC control number HIN-83513
020 ## - INTERNATIONAL STANDARD BOOK NUMBER
Terms of availability 200.00
035 ## - SYSTEM CONTROL NUMBER
System control number HN-55859
037 ## - SOURCE OF ACQUISITION
Source of stock number/acquisition DBAD / PUB
040 ## - CATALOGING SOURCE
Original cataloging agency DPL
Language of cataloging HN
082 ## - DEWEY DECIMAL CLASSIFICATION NUMBER
Classification number 821 / दासप
100 ## - MAIN ENTRY--PERSONAL NAME
Personal name दास, परिचय
245 ## - TITLE STATEMENT
Title युगपत् समीकरण में /
Statement of responsibility, etc परिचय दास
246 ## - VARYING FORM OF TITLE
Title proper/short title Yugpat sameekarn mein
Remainder of title by Parichay Das
260 ## - PUBLICATION, DISTRIBUTION, ETC. (IMPRINT)
Place of publication, distribution, etc नई दिल्ली
Name of publisher, distributor, etc नवपत्र प्रकाशन
Date of publication, distribution, etc 2007
270 ## - ADDRESS
Address श्रीमती वंदना श्रीवास्तव द्वारा 14, दिन अपार्मेण्ट्स, सेक्टर-4, द्वारका
City नई दिल्ली
300 ## - PHYSICAL DESCRIPTION
Extent 89पृ
Dimensions 22सेमी(सजिल्द)
942 ## - ADDED ENTRY ELEMENTS (KOHA)
Koha item type Hindi Books
Source of classification or shelving scheme Dewey Decimal Classification
Classification part 821
Call number suffix दासप
Holdings
Withdrawn status Lost status Damaged status Not for loan Collection code Home library Current library Date acquired Source of acquisition Cost, normal purchase price Total Checkouts Full call number Barcode Date last seen Copy number Cost, replacement price Price effective from Koha item type
      Not For Loan Non-fiction D.B.Act.Division D.B.Act.Division 16/06/2008 पु.प्र.अ.प्र /प्रका 200.00   821 दासप HN-55859 15/09/2008 1 200.00 15/09/2008 Hindi Books

© Delhi Public Library
Hit Counter
free hit counter